Villes des Hautes-Alpes en images - Statistiques

Statistiques générales
  • Ce quiz a été pris 54 fois
    53 depuis la dernière actualisation
  • Le résultat moyen est 9 sur 20
Statistiques - réponses
Par images Hint Réponse % Correct
G Gap
86%
B Briançon
77%
E Embrun
73%
(L) O Les Orres
57%
O Orcières
50%
V Veynes
45%
G Guillestre
43%
S-B-E-C Saint-Bonnet-en-Champsaur
43%
V Vars
43%
L-M Laragne-Montéglin
41%
(L) A (L) B L'Argentière-La-Bessée
41%
C Chorges
39%
(L) B-N La Bâtie-Neuve
39%
R Réallon
39%
T Tallard
39%
V-S-P Villar-Saint-Pancrace
30%
(L) R-D-A La Roche des Arnauds
27%
(L) S La Saulce
27%
D Dévoluy
20%
S-C Saint-Chaffrey
18%
Aucun quiz correspondant
Distribution des résultats
% des personnes avec chaque résultat
Percentile par nombre de réponses
Votre historique - résultats
Vous n’avez pas pris ce quiz depuis la dernière actualisation